Elektronická pošta a elektronické konference v síti Internet Studijní příručka pro kurs Služby celosvětové počítačové sítě Internet a způsoby jejich využívání
Na minha lista:
| Autor principal: | |
|---|---|
| Outros Autores: | |
| Formato: | Livro |
| Idioma: | tcheco |
| Publicado em: |
Praha
Omicron
1993
|
| Edição: | 1. vyd. |
| Assuntos: | |
| Tags: |
Sem tags, seja o primeiro a adicionar uma tag!
|
MARC
| LEADER | 00000nam a2200000 4500 | ||
|---|---|---|---|
| 001 | c002561 | ||
| 005 | 20221214082026.0 | ||
| 041 | 0 | |a cze | |
| 044 | |a CZ | ||
| 245 | 1 | 0 | |a Elektronická pošta a elektronické konference v síti Internet |b Studijní příručka pro kurs Služby celosvětové počítačové sítě Internet a způsoby jejich využívání |c Vladimír Vrabec, Martin Bílý |
| 250 | |a 1. vyd. | ||
| 264 | 1 | |a Praha |b Omicron |c 1993 | |
| 300 | |a 69 s. | ||
| 610 | 2 | 0 | |a siete počítačové |
| 610 | 2 | 0 | |a služby |
| 610 | 2 | 0 | |a internet |
| 610 | 2 | 0 | |a softvér |
| 610 | 2 | 0 | |a pošta elektronická |
| 100 | 1 | |a Vrabec, Vladimír | |
| 700 | 1 | |a Bílý, Martin | |